00905nam a2200253Ia 4500003000400000005001700004008004100021020001800062040001800080041000800098082001900106100003200125245006300157250001200220260004600232300002800278440001100306650005700317650003200374650003000406942002900436999001900465952016700484OSt20260310105213.0210716s2019 xx 000 0 und d a9789389307504 cAIMIT LIBRARY aeng a511.221bAROJ aArora, Jyoti Kumar.9258393 aComprehensive applied mathematics /cBy Jyoti Kumar Arora. a1st ed. aNew Delhi :bWiley India Pvt Ltd ,c2019. axi,743p. ;bPBc23.7 cm vVol- 1 aSequence and series : arithmetic progression9258394 aLimit of a function9258395 aPartial fractions9258396 2ddccBKe1stk511.2 AROJ c197320d197320 00102ddc40708MCAaAIMITbAIMITeKnowledge Worldg545.00iBill no:929; Bill dt:2020-03-16l0o511.2 AROJpMCA16835r2026-05-23 00:00:00v408.75w2021-07-16yBK